Thermodynamics (Record no. 8344)

000 -LEADER
fixed length control field 00603nam a2200217 i 4500
001 - CONTROL NUMBER
control field 8344
003 - CONTROL NUMBER IDENTIFIER
control field BD-DhUET
008 - FIXED-LENGTH DATA ELEMENTS--GENERAL INFORMATION
fixed length control field 770308s1978 nyua b 001 0 eng
020 ## - INTERNATIONAL STANDARD BOOK NUMBER
International Standard Book Number 0023355301
040 ## - CATALOGING SOURCE
Original cataloging agency DLC
Transcribing agency DLC
Modifying agency BD-DhUET
082 ## - DEWEY DECIMAL CLASSIFICATION NUMBER
Classification number 621.01
Item number FAI/1970
100 ## - MAIN ENTRY--PERSONAL NAME
Personal name Faires, Virgil Moring
245 10 - TITLE STATEMENT
Title Thermodynamics
Statement of responsibility, etc. by Virgil Moring Faires and Clifford Max Simmang
250 ## - EDITION STATEMENT
Edition statement 6th ed.
260 ## - PUBLICATION, DISTRIBUTION, ETC. (IMPRINT)
Place of publication, distribution, etc. New York
Name of publisher, distributor, etc. Macmillan
Date of publication, distribution, etc. 1970
300 ## - PHYSICAL DESCRIPTION
Extent xxiii, 647 p.
Other physical details ill.
Dimensions 26 cm.
504 ## - BIBLIOGRAPHY, ETC. NOTE
Bibliography, etc Includes bibliographies
650 #0 - SUBJECT ADDED ENTRY--TOPICAL TERM
Topical term or geographic name as entry element Thermodynamics
700 ## - ADDED ENTRY--PERSONAL NAME
Personal name Simmang, Clifford Max
942 ## - ADDED ENTRY ELEMENTS (KOHA)
Koha item type General Book
Holdings
Koha full call number Copy number Piece designation (barcode) Not for loan Koha item type Damaged status Date acquired Shelving location Lost status Sublocation or collection (holding branch) Withdrawn status Price effective from Koha date last seen Location (home branch) Koha normalized classification for sorting Source of classification or shelving scheme
621.01/FAI/1978142943 General Book 2015-01-20Circulation section Central Library, BUET 2015-01-202015-01-20Central Library, BUET621_010000000000000_FAI_1978 
621.01 FAI/1970৬/ক-১63135 Rental Item 1985-06-11Rental section Central Library, BUET 2024-12-112024-12-11Central Library, BUET621_010000000000000_FAI_1970 
621.01 FAI/1970৬/ক-২63136 Rental Item 1985-06-11Rental section Central Library, BUET 2024-12-112024-12-11Central Library, BUET621_010000000000000_FAI_1970 
621.01 FAI/1970৬/ক-৩63137 Rental Item 1985-06-11Rental section Central Library, BUET 2024-12-112024-12-11Central Library, BUET621_010000000000000_FAI_1970 
621.01 FAI/1970৬/ক-৪63138 Rental Item 1985-06-11Rental section Central Library, BUET 2024-12-112024-12-11Central Library, BUET621_010000000000000_FAI_1970 
621.01 FAI/1970৬/ক-৫63139 Rental Item 1985-06-11Rental section Central Library, BUET 2024-12-112024-12-11Central Library, BUET621_010000000000000_FAI_1970 
621.01 FAI/1970৬/ক-৬63140 Rental Item 1985-06-11Rental section Central Library, BUET 2024-12-112024-12-11Central Library, BUET621_010000000000000_FAI_1970 
621.01 FAI/1970৬/ক-৭63141 Rental Item 1985-06-11Rental section Central Library, BUET 2024-12-112024-12-11Central Library, BUET621_010000000000000_FAI_1970 
621.01 FAI/1970৬/ক-৮63142 Rental Item 1985-06-11Rental section Central Library, BUET 2024-12-112024-12-11Central Library, BUET621_010000000000000_FAI_1970 
621.01 FAI/1970৬/ক-৯63143 Rental Item 1985-06-11Rental section Central Library, BUET 2024-12-112024-12-11Central Library, BUET621_010000000000000_FAI_1970 
621.01 FAI/1970৬/ক-১০63144 Rental Item 1985-06-11Rental section Central Library, BUET 2024-12-112024-12-11Central Library, BUET621_010000000000000_FAI_1970 
621.01 FAI/1970৬/ক-১১63145 Rental Item 1985-06-11Rental section Central Library, BUET 2024-12-112024-12-11Central Library, BUET621_010000000000000_FAI_1970 
621.01 FAI/1970৬/ক-১২63146 Rental Item 1985-06-11Rental section Central Library, BUET 2024-12-112024-12-11Central Library, BUET621_010000000000000_FAI_1970 
621.01 FAI/1970৬/ক-১৩63147 Rental Item 1985-06-11Rental section Central Library, BUET 2024-12-112024-12-11Central Library, BUET621_010000000000000_FAI_1970 
621.01 FAI/1970৬/ক-১৪63148 Rental Item 1985-06-11Rental section Central Library, BUET 2024-12-112024-12-11Central Library, BUET621_010000000000000_FAI_1970 
621.01 FAI/1970৬/ক-১৫63149 Rental Item 1985-06-11Rental section Central Library, BUET 2024-12-112024-12-11Central Library, BUET621_010000000000000_FAI_1970 
621.01 FAI/1970৬/ক-১৬63150 Rental Item 1985-06-11Rental section Central Library, BUET 2024-12-112024-12-11Central Library, BUET621_010000000000000_FAI_1970 
621.01 FAI/1970৬/ক-১৭63151 Rental Item 1985-06-11Rental section Central Library, BUET 2024-12-112024-12-11Central Library, BUET621_010000000000000_FAI_1970 
621.01 FAI/1970৬/ক-১৮63152 Rental Item 1985-06-11Rental section Central Library, BUET 2024-12-112024-12-11Central Library, BUET621_010000000000000_FAI_1970 
621.01 FAI/1970৬/ক-১৯63153 Rental Item 1985-06-11Rental section Central Library, BUET 2024-12-112024-12-11Central Library, BUET621_010000000000000_FAI_1970 
621.01 FAI/1970৬/ক-২০63154 Rental Item 1985-06-11Rental section Central Library, BUET 2024-12-112024-12-11Central Library, BUET621_010000000000000_FAI_1970